000 00324nam a22001457a 4500
008 230518b ||||| |||| 00| 0 eng d
020 _a9781591023913
041 _aeng
080 _a030
082 _a030FLY
100 _a44
101 _aENC
245 _aTHE NEW ENCYCLOPEDIA OF UNBELIEF
_cFLYNN .T
942 _2udc
_cBK
999 _c59776
_d59776